Framing public life : perspectives on media and our understanding of the social world
Αποθηκεύτηκε σε:
| Άλλοι συγγραφείς: | , , |
|---|---|
| Μορφή: | Βιβλίο |
| Γλώσσα: | English |
| Δημοσίευση: |
Mahwah :
Lawrence Erlbaum Associates,
2001
|
| Σειρά: | LEA's communication series
|
| Θέματα: | |
| Ετικέτες: |
Προσθήκη ετικέτας
Δεν υπάρχουν, Καταχωρήστε ετικέτα πρώτοι!
|
MARC
| LEADER | 00000nam a2200000 i 4500 | ||
|---|---|---|---|
| 001 | 1/28033 | ||
| 008 | 021016s2001 eng d | ||
| 020 | |a 0-8058-3653-5 | ||
| 035 | |l 10068545 | ||
| 040 | |a GR-MY-UA |b gre |e aacr | ||
| 041 | 0 | |a eng | |
| 082 | 0 | |a 302.23 | |
| 245 | 1 | 0 | |a Framing public life : |b perspectives on media and our understanding of the social world / |c edited by Stephen D. Reese, Oscar H. Gandy, August E. Grant |
| 260 | |a Mahwah : |b Lawrence Erlbaum Associates, |c 2001 | ||
| 300 | |a 399 p.; |c 23 cm. | ||
| 490 | 1 | |a LEA'S communication series | |
| 504 | |a Includes bibliographical references and index | ||
| 650 | 0 | 0 | |a Journalism |x Objectivity. |
| 650 | 0 | 0 | |a Journalism |x Social aspects. |
| 650 | 0 | 0 | |a Reporters and reporting. |
| 700 | 1 | |a Reese, Stephen D. |4 edt | |
| 700 | 1 | |a Gandy, Oscar H. |4 edt | |
| 700 | 1 | |a Grant, August E. |d 1956- |4 edt | |
| 830 | 0 | |a LEA's communication series | |
| 852 | |a INST |b LESVOS |e 20021016 |h 302.23 FRA |p 005100024985 |q 005100024985 |t BK |y 0 | ||
| 901 | |a BIBL1-2002-3 | ||
| 909 | |a Λ |b 102214 | ||
| 970 | |a ΚΑΜΑΤΣΟΥ |b ΔΕΣΠΟΙΝΑ |z 2002/10/16 | ||